[Event "Lippe Cup 06th"]
[Site "Lieme"]
[Date "2009.10.17"]
[Round "3"]
[White "Bluebaum, Matthias"]
[Black "Kind, Bertram"]
[Result "1/2-1/2"]
[WhiteElo "2065"]
[BlackElo "2213"]
[PlyCount "38"]
[EventDate "2009.10.16"]
[EventType "swiss"]
[EventRounds "5"]
[EventCountry "GER"]
[SourceTitle "EXT 2013"]
[Source "ChessBase"]
[SourceDate "2012.11.22"]
[SourceVersion "1"]
[SourceVersionDate "2012.11.22"]
[SourceQuality "1"]

1. d4 Nf6 2. c4 e6 3. Nc3 Bb4 4. Qc2 d5 5. a3 Bxc3+ 6. Qxc3 Ne4 7. Qc2 c5 8. dxc5 Nc6 9. Nf3 Qa5+ 10. Bd2 Nxd2 11. Qxd2 dxc4 12. Qxa5 Nxa5 13. Rc1 Bd7 14. Ne5 Nb3 15. Rxc4 Rc8 16. Nd3 b6 17. e3 Nxc5 18. Nxc5 bxc5 19. Bd3 Bb5 1/2-1/2

[Event "Lippe Cup 06th"]
[Site "Lieme"]
[Date "2009.10.16"]
[Round "1"]
[White "Heeke, Guido"]
[Black "Kind, Bertram"]
[Result "0-1"]
[WhiteElo "1941"]
[BlackElo "2213"]
[PlyCount "78"]
[EventDate "2009.10.16"]
[EventType "swiss"]
[EventRounds "5"]
[EventCountry "GER"]
[SourceTitle "EXT 2013"]
[Source "ChessBase"]
[SourceDate "2012.11.22"]
[SourceVersion "1"]
[SourceVersionDate "2012.11.22"]
[SourceQuality "1"]

1. c4 e5 2. Nc3 Bb4 3. g3 Bxc3 4. bxc3 d6 5. Bg2 Nc6 6. Rb1 f5 7. Nh3 Nf6 8. 0-0 0-0 9. d3 h6 10. f3 Rb8 11. Nf2 Qe8 12. e4 Be6 13. Ba3 g5 14. exf5 Bxf5 15. Rb2 Qe6 16. Qe2 Rfe8 17. Rfb1 Nd8 18. Rd1 Nf7 19. Rb3 b6 20. Bc1 Re7 21. Re1 Rbe8 22. Qd2 Qd7 23. Ba3 Nd8 24. Bf1 Rg7 25. d4 e4 26. fxe4 Nxe4 27. Nxe4 Bxe4 28. Bd3 Bxd3 29. Rxe8+ Qxe8 30. Qxd3 Qe1+ 31. Qf1 Qe3+ 32. Qf2 Qe6 33. d5 Qe4 34. Qd4 Qe1+ 35. Kg2 Rf7 36. Qd3 Rf2+ 37. Kh3 Qe8 38. g4 Qf7 39. Kg3 Qf4+ 0-1

[Event "NRW Class2 0910"]
[Site "Germany"]
[Date "2009.09.20"]
[Round "1.4"]
[White "Kind, Bertram"]
[Black "Quelle, Helmut"]
[Result "1/2-1/2"]
[WhiteElo "2213"]
[BlackElo "2175"]
[PlyCount "146"]
[EventDate "2009.09.20"]
[EventType "team-tourn"]
[EventRounds "9"]
[EventCountry "GER"]
[SourceTitle "EXT 2011"]
[Source "ChessBase"]
[SourceDate "2010.11.26"]
[SourceVersion "1"]
[SourceVersionDate "2010.11.26"]
[SourceQuality "1"]
[WhiteTeam "Hagen"]
[BlackTeam "Herford"]
[WhiteTeamCountry "GER"]
[BlackTeamCountry "GER"]

1. e4 e6 2. d4 d5 3. Nd2 Be7 4. e5 Nh6 5. Ndf3 Nf5 6. Bd3 b6 7. c3 h5 8. Nh3 c6 9. Qc2 Nh4 10. Nxh4 Bxh4 11. Qe2 a5 12. 0-0 Ba6 13. Be3 Bxd3 14. Qxd3 Na6 15. b3 Kf8 16. a3 b5 17. c4 b4 18. a4 g6 19. Rac1 Kg7 20. cxd5 cxd5 21. Rc6 Nb8 22. Rc2 Qb6 23. Rfc1 Ra7 24. Bg5 Bxg5 25. Nxg5 Na6 26. h3 Rc7 27. Rxc7 Nxc7 28. Qc2 Na8 29. Qc5 Re8 30. Qxb6 Nxb6 31. Rc7 Kg8 32. Nxf7 Rc8 33. Rxc8+ Nxc8 34. Nd8 Nb6 35. Nc6 Nxa4 36. Nxa5 Nc3 37. Kf1 Kf7 38. Nc6 Na2 39. Ke1 Ke8 40. Kd2 Kd7 41. Nb8+ Ke7 42. Na6 g5 43. f3 Kf7 44. g3 Kg6 45. Nc5 Kf7 46. Nd3 Kg6 47. Ke3 Kf7 48. g4 hxg4 49. hxg4 Kg6 50. Kd2 Kf7 51. Ke3 Kg6 52. f4 gxf4+ 53. Nxf4+ Kf7 54. g5 Nc1 55. g6+ Ke7 56. g7 Kf7 57. Nxe6 Nxb3 58. Nf4 Na5 59. Nxd5 Nc6 60. Ke4 Kxg7 61. Ne3 b3 62. Nc4 Kf7 63. d5 Nb4 64. Kd4 Ke7 65. Nb2 Nc2+ 66. Kc3 Ne3 67. d6+ Ke6 68. Nd3 Nd5+ 69. Kxb3 Nb6 70. Kb4 Nd7 71. Nc5+ Kxe5 72. Nb7 Kd5 73. Kb5 Nc5 1/2-1/2

[Event "NRW Class2 0809"]
[Site "Germany"]
[Date "2009.02.01"]
[Round "6.4"]
[White "Van Muenster, Kirsten"]
[Black "Kind, Bertram"]
[Result "1/2-1/2"]
[WhiteElo "2169"]
[BlackElo "2223"]
[PlyCount "81"]
[EventDate "2008.09.21"]
[EventType "tourn"]
[EventRounds "9"]
[EventCountry "GER"]
[SourceTitle "EXT 2010"]
[Source "ChessBase"]
[SourceDate "2010.11.25"]
[SourceVersion "1"]
[SourceVersionDate "2010.11.25"]
[SourceQuality "1"]
[WhiteTeam "Koeln Lasker"]
[BlackTeam "Hagen"]
[WhiteTeamCountry "GER"]
[BlackTeamCountry "GER"]

1. c4 e5 2. g3 Nc6 3. Bg2 d6 4. Nc3 f5 5. d3 Nf6 6. e4 Be7 7. Nge2 0-0 8. Nd5 Nxd5 9. cxd5 Nb8 10. Be3 Bg5 11. Bxg5 Qxg5 12. exf5 Bxf5 13. 0-0 Nd7 14. d4 e4 15. Nf4 Nf6 16. Rc1 Rac8 17. Qb3 Ng4 18. h3 Nf6 19. Rc3 Qh6 20. h4 b6 21. Rfc1 Rf7 22. Re1 g5 23. hxg5 Qxg5 24. Ne6 Qh6 25. Nf4 Ng4 26. Nh3 Qf6 27. Qd1 Re7 28. Qd2 Rce8 29. Qc1 Bg6 30. Rxc7 e3 31. f3 Nf2 32. Rxe7 Nxh3+ 33. Bxh3 Rxe7 34. Be6+ Kg7 35. Qxe3 Bf5 36. Kg2 Bg6 37. Rc1 Bf7 38. Re1 Bg6 39. Kf2 Rc7 40. Re2 Rc4 41. Rd2 1/2-1/2

[Event "NRW Class2 0809"]
[Site "Germany"]
[Date "2008.09.21"]
[Round "1.3"]
[White "Van Gool, Henk"]
[Black "Kind, Bertram"]
[Result "1/2-1/2"]
[WhiteElo "2114"]
[BlackElo "2223"]
[PlyCount "125"]
[EventDate "2008.09.21"]
[EventType "tourn"]
[EventRounds "9"]
[EventCountry "GER"]
[SourceTitle "EXT 2010"]
[Source "ChessBase"]
[SourceDate "2010.11.25"]
[SourceVersion "1"]
[SourceVersionDate "2010.11.25"]
[SourceQuality "1"]
[WhiteTeam "Krefeld"]
[BlackTeam "Hagen"]
[WhiteTeamCountry "GER"]
[BlackTeamCountry "GER"]

1. e4 c5 2. Nf3 Nc6 3. Bb5 d6 4. d4 cxd4 5. Qxd4 Bd7 6. Bxc6 bxc6 7. c4 Qb6 8. Be3 Qxd4 9. Bxd4 c5 10. Be3 Nf6 11. e5 Ng4 12. exd6 Nxe3 13. fxe3 exd6 14. Nc3 Bc6 15. 0-0-0 Be7 16. Nd5 Bxd5 17. Rxd5 0-0 18. e4 Rfe8 19. Re1 f6 20. Nd2 Bf8 21. Nb1 Re6 22. Nc3 a6 23. Kc2 Rae8 24. a3 g6 25. Red1 Kf7 26. b4 cxb4 27. axb4 Rc8 28. Kb3 Ree8 29. Ra1 Rc6 30. b5 Rb8 31. Ra4 Rcb6 32. Kc2 axb5 33. cxb5 Ke6 34. g4 Bh6 35. Ra6 Bf4 36. Rxb6 Rxb6 37. h3 Rb8 38. Rd1 Be3 39. Nd5 Bc5 40. Rb1 Ke5 41. Kd3 f5 42. gxf5 gxf5 43. Nc3 f4 44. Na4 Bb6 45. Rb2 Bd4 46. Rb4 Bc5 47. Rb2 Bd4 48. Rb4 Bc5 49. Nxc5 dxc5 50. Rb2 Rd8+ 51. Kc4 Kxe4 52. Re2+ Kf3 53. Re7 Kg2 54. Rxh7 Rf8 55. Rg7+ Kxh3 56. Rh7+ Kg4 57. Rg7+ Kf5 58. Kxc5 f3 59. Rg1 f2 60. Rf1 Ke4 61. b6 Ke3 62. b7 Ke2 63. Rxf2+ 1/2-1/2

[Event "NRW Class2 0708"]
[Site "Germany"]
[Date "2008.03.02"]
[Round "7.4"]
[White "Muschik, Benedikt"]
[Black "Kind, Bertram"]
[Result "1/2-1/2"]
[WhiteElo "2201"]
[BlackElo "2230"]
[PlyCount "80"]
[EventDate "2007.09.16"]
[EventType "team-tourn"]
[EventRounds "9"]
[EventCountry "GER"]
[SourceTitle "EXT 2009"]
[Source "ChessBase"]
[SourceDate "2008.11.26"]
[SourceVersion "1"]
[SourceVersionDate "2008.11.26"]
[SourceQuality "1"]
[WhiteTeam "Muenster II"]
[BlackTeam "Hagen"]
[WhiteTeamCountry "GER"]
[BlackTeamCountry "GER"]

1. d4 Nf6 2. Bf4 e6 3. e3 Be7 4. Nd2 0-0 5. Bd3 d6 6. h3 Nc6 7. Ngf3 Nb4 8. Bc4 d5 9. Bb3 c5 10. a3 Nc6 11. c3 b6 12. 0-0 Ba6 13. Re1 Nh5 14. Bh2 c4 15. Bc2 f5 16. Ne5 Nxe5 17. dxe5 g6 18. Nf3 Ng7 19. Nd4 Qd7 20. Bf4 b5 21. Bh6 Bb7 22. Kh2 a6 23. Rg1 Rf7 24. Bxg7 Kxg7 25. f4 Kh8 26. g4 Bc5 27. gxf5 gxf5 28. Qh5 Bxd4 29. exd4 Rg8 30. Rxg8+ Kxg8 31. Rg1+ Rg7 32. Rxg7+ Kxg7 33. Qg5+ Kf8 34. Bd1 Bc8 35. Bh5 Qe7 36. Qh6+ Qg7 37. Qxg7+ Kxg7 38. Be8 Bb7 39. Kg3 Kf8 40. Bh5 Bc6 1/2-1/2

[Event "NRW Class2 0607"]
[Site "Germany"]
[Date "2006.10.29"]
[Round "2.4"]
[White "Kind, Bertram"]
[Black "Schormann, Conrad"]
[Result "1-0"]
[WhiteElo "2193"]
[BlackElo "2118"]
[PlyCount "89"]
[EventDate "2006.09.17"]
[EventType "tourn"]
[EventRounds "9"]
[EventCountry "GER"]
[SourceTitle "EXT 2007"]
[Source "ChessBase"]
[SourceDate "2006.11.23"]
[SourceVersion "1"]
[SourceVersionDate "2006.11.23"]
[SourceQuality "1"]
[WhiteTeam "Hagen"]
[BlackTeam "Brackweda"]
[WhiteTeamCountry "GER"]
[BlackTeamCountry "GER"]

1. e4 c6 2. d4 d5 3. exd5 cxd5 4. Bd3 Nc6 5. c3 Nf6 6. Bf4 Bg4 7. Qb3 Qc8 8. Nd2 e6 9. Ngf3 Be7 10. 0-0 0-0 11. Ne5 Nxe5 12. Bxe5 Bh5 13. h3 Qd7 14. Rfe1 Bd6 15. Re3 Rfc8 16. Rae1 Bg6 17. Bxg6 hxg6 18. Rf3 Qc7 19. Qb5 Nd7 20. Bxd6 Qxd6 21. Nb3 Rab8 22. Nc1 Qc6 23. Qe2 Qc4 24. Qe3 b5 25. Qf4 Nf6 26. g4 Qc7 27. Nd3 Qxf4 28. Rxf4 Ne4 29. Rf3 a5 30. a3 Rc7 31. Rfe3 Kf8 32. f3 Nd6 33. Nc5 Ra7 34. Kg2 b4 35. cxb4 axb4 36. Rb3 Nc4 37. axb4 Nd2 38. Ra3 Re7 39. Ra4 Nc4 40. Re2 Nb6 41. Ra6 Nc8 42. Rc2 Ke8 43. Nd3 Reb7 44. b3 Ke7 45. Ne5 1-0

[Event "Moehnesee Cup-A"]
[Site "Moehnesee"]
[Date "2005.08.21"]
[Round "6"]
[White "Kind, Bertram"]
[Black "Bausch, Thomas"]
[Result "1-0"]
[WhiteElo "2210"]
[BlackElo "1933"]
[PlyCount "65"]
[EventDate "2005.08.18"]
[EventType "swiss"]
[EventRounds "7"]
[EventCountry "GER"]
[SourceTitle "CBM 108 Extra"]
[Source "ChessBase"]
[SourceDate "2005.11.04"]
[SourceVersion "1"]
[SourceVersionDate "2005.11.04"]
[SourceQuality "1"]

1. e4 c5 2. Nc3 e6 3. g3 d5 4. Bg2 d4 5. Nce2 Nc6 6. d3 Nf6 7. f4 Be7 8. Nf3 Bd7 9. 0-0 0-0 10. c4 dxc3 11. bxc3 Rb8 12. h3 c4 13. Be3 cxd3 14. Qxd3 Qc7 15. Ned4 Rfd8 16. e5 Nd5 17. Bf2 Nxd4 18. Bxd4 Qa5 19. Rfb1 b5 20. Nd2 Rbc8 21. Bxd5 exd5 22. f5 b4 23. cxb4 Bxb4 24. Nb3 Qb5 25. Qxb5 Bxb5 26. Na5 Bxa5 27. Rxb5 Bc3 28. Rd1 Bxd4+ 29. Rxd4 Rc1+ 30. Kf2 Rc2+ 31. Kf3 Rxa2 32. Rdxd5 Rxd5 33. Rb8+ 1-0

[Event "Moehnesee Cup-A"]
[Site "Moehnesee"]
[Date "2005.08.20"]
[Round "5"]
[White "Grochtmann, Stephan"]
[Black "Kind, Bertram"]
[Result "1/2-1/2"]
[WhiteElo "2093"]
[BlackElo "2210"]
[PlyCount "94"]
[EventDate "2005.08.18"]
[EventType "swiss"]
[EventRounds "7"]
[EventCountry "GER"]
[SourceTitle "CBM 108 Extra"]
[Source "ChessBase"]
[SourceDate "2005.11.04"]
[SourceVersion "1"]
[SourceVersionDate "2005.11.04"]
[SourceQuality "1"]

1. e4 c5 2. Nf3 Nc6 3. Bb5 d6 4. 0-0 Bd7 5. c3 Nf6 6. Qe2 a6 7. Bxc6 Bxc6 8. e5 dxe5 9. Nxe5 Qd5 10. Nxc6 Qxc6 11. d4 e6 12. Bg5 Be7 13. dxc5 Qxc5 14. Bxf6 Bxf6 15. Nd2 Be7 16. Ne4 Qc6 17. c4 0-0 18. Rfd1 Rfd8 19. Rac1 Rac8 20. b3 Ba3 21. Rb1 Bb4 22. Ng5 h6 23. Nf3 a5 24. Rxd8+ Rxd8 25. Rd1 Rd6 26. Kf1 Qd7 27. Rxd6 Qxd6 28. Qc2 Qf4 29. Ke2 Qg4 30. Kf1 Qf4 31. Ke2 g5 32. h3 b6 33. Kf1 Bc5 34. Kg1 Qf6 35. Qc1 Qf5 36. Qd2 Qb1+ 37. Kh2 Qe4 38. Kg1 Qb1+ 39. Kh2 Qf5 40. Kg1 Kg7 41. Qb2+ f6 42. Qd2 e5 43. Nh2 Qb1+ 44. Nf1 Bd4 45. Qe2 f5 46. Qf3 Kg6 47. Qc6+ Kg7 1/2-1/2

[Event "Moehnesee Cup-A"]
[Site "Moehnesee"]
[Date "2005.08.20"]
[Round "4"]
[White "Kind, Bertram"]
[Black "Kasten, Marcel"]
[Result "1-0"]
[WhiteElo "2210"]
[BlackElo "2001"]
[PlyCount "49"]
[EventDate "2005.08.18"]
[EventType "swiss"]
[EventRounds "7"]
[EventCountry "GER"]
[SourceTitle "CBM 108 Extra"]
[Source "ChessBase"]
[SourceDate "2005.11.04"]
[SourceVersion "1"]
[SourceVersionDate "2005.11.04"]
[SourceQuality "1"]

1. e4 e6 2. d4 d5 3. Nd2 Be7 4. e5 c5 5. Qg4 Kf8 6. Ndf3 Nc6 7. Ne2 h5 8. Qf4 Nh6 9. c3 cxd4 10. Nexd4 Nxd4 11. Nxd4 g5 12. Qe3 Ng4 13. Qg3 Qc7 14. f4 Rg8 15. h3 Nh6 16. Qf3 gxf4 17. Bxf4 Bg5 18. Be2 Qe7 19. Bh2 h4 20. Rf1 Bd7 21. Bd3 Kg7 22. Qh5 Be8 23. Rf6 Bxf6 24. exf6+ Qxf6 25. Be5 1-0